Smoked Food - Sudden Death - Statistics

General Stats
  • This quiz has been taken 74 times
  • The average score is 4 of 16
Answers on the Grid
Answers color-coded by a green-red scale on the quiz's grid according to % correct below.
Montreal-style cold smoked salmon bagel
Cullen skink
Pastrami on rye
Hot dog
Kottenbutter
Bokkoms
Chipotle salsa
Oscypek
Katsuobushi / Bonito flakes
Bucklings and bloaters
Brési
Zhangcha duck
Kassler / Kasseler
Alinazik kebab
Black forest ham
Candied bacon
Oysters Rockefeller
Cretons
Tamagoyaki
Gratin dauphinois
Mett
Beef Wellington
Kimchi
Idli / Idly
Mató cheese
Tabbouleh
Ugali
Bati / Baati
 
Answer Stats
Answer % Correct
Black forest ham
58%
Montreal-style cold smoked salmon bagel
53%
Candied bacon
43%
Pastrami on rye
42%
Hot dog
32%
Chipotle salsa
23%
Cullen skink
19%
Katsuobushi / Bonito flakes
17%
Alinazik kebab
13%
Kassler / Kasseler
13%
Zhangcha duck
13%
Kottenbutter
11%
Bokkoms
6%
Bucklings and bloaters
6%
Oscypek
6%
Brési
4%
No matching quizzes found
Score Distribution
Percent of People with Each Score
Percentile by Number Answered
Your Score History
You have not taken this quiz